| 000 | 00451nam a2200181Ia 4500 | ||
|---|---|---|---|
| 001 | 13915 | ||
| 005 | 20260306164836.0 | ||
| 008 | 260306t2008||||xx |||||||||||||| ||spa|| | ||
| 041 | _aESP | ||
| 082 |
_a005.453 _bA31 2008 |
||
| 100 |
_aAho, Alfred V. _eAUT |
||
| 245 | 0 |
_aCompiladores: _bprincipios, técnicas y herramientas |
|
| 260 | _c2008 | ||
| 300 |
_axxiv, 1009 páginas : _c |
||
| 650 | _aGEN | ||
| 654 | _aCCC | ||
| 942 |
_cLIB _dJUS _fJUS _2ddc _n |
||
| 999 |
_c13915 _d13915 |
||